Romeo and Juliet / (Record no. 234575)
[ view plain ]
| 000 -LEADER | |
|---|---|
| fixed length control field | 01212cam a2200361 a 4500 |
| 001 - CONTROL NUMBER | |
| control field | 17664276 |
| 003 - CONTROL NUMBER IDENTIFIER | |
| control field | Nust |
| 005 - DATE AND TIME OF LATEST TRANSACTION | |
| control field | 20170324123108.0 |
| 008 - FIXED-LENGTH DATA ELEMENTS--GENERAL INFORMATION | |
| fixed length control field | 130319s2012 enk 000 d eng d |
| 010 ## - LIBRARY OF CONGRESS CONTROL NUMBER | |
| LC control number | 2012515373 |
| 020 ## - INTERNATIONAL STANDARD BOOK NUMBER | |
| International Standard Book Number | 9780007902361 (pbk.) |
| 040 ## - CATALOGING SOURCE | |
| Original cataloging agency | UKMGB |
| Language of cataloging | eng |
| Transcribing agency | UKMGB |
| Modifying agency | OCLCF |
| -- | OCLCO |
| -- | DLC |
| 042 ## - AUTHENTICATION CODE | |
| Authentication code | lccopycat |
| 043 ## - GEOGRAPHIC AREA CODE | |
| Geographic area code | e-it--- |
| 050 00 - LIBRARY OF CONGRESS CALL NUMBER | |
| Classification number | PR2831.A2 |
| Item number | B65 2012 |
| 082 00 - DEWEY DECIMAL CLASSIFICATION NUMBER | |
| Classification number | 822.33 |
| Author Mark | SHA |
| 100 1# - MAIN ENTRY--PERSONAL NAME | |
| Personal name | Shakespeare, William, |
| Dates associated with a name | 1564-1616. |
| 240 10 - UNIFORM TITLE | |
| Uniform title | Romeo and Juliet |
| 245 10 - TITLE STATEMENT | |
| Title | Romeo and Juliet / |
| Statement of responsibility, etc. | William Shakespeare. |
| 246 3# - VARYING FORM OF TITLE | |
| Title proper/short title | Romeo and Juliet |
| 250 ## - EDITION STATEMENT | |
| Edition statement | New ed. / |
| Remainder of edition statement | edited by Max Bollinger. |
| 260 ## - PUBLICATION, DISTRIBUTION, ETC. | |
| Place of publication, distribution, etc. | London ; |
| -- | New York : |
| Name of publisher, distributor, etc. | Sovereign, |
| Date of publication, distribution, etc. | 2010. |
| 300 ## - PHYSICAL DESCRIPTION | |
| Extent | 300 p. ; |
| Dimensions | 21 cm. |
| 530 ## - ADDITIONAL PHYSICAL FORM AVAILABLE NOTE | |
| Additional physical form available note | Also issued online. |
| 650 #0 - SUBJECT ADDED ENTRY--TOPICAL TERM | |
| Topical term or geographic name entry element | Romeo (Fictitious character) |
| Form subdivision | Drama. |
| 650 #0 - SUBJECT ADDED ENTRY--TOPICAL TERM | |
| Topical term or geographic name entry element | Juliet (Fictitious character) |
| Form subdivision | Drama. |
| 650 #0 - SUBJECT ADDED ENTRY--TOPICAL TERM | |
| Topical term or geographic name entry element | Vendetta |
| Geographic subdivision | Italy |
| -- | Verona |
| Form subdivision | Drama. |
| 651 #0 - SUBJECT ADDED ENTRY--GEOGRAPHIC NAME | |
| Geographic name | Verona (Italy) |
| Form subdivision | Drama. |
| 655 #7 - INDEX TERM--GENRE/FORM | |
| Genre/form data or focus term | Tragedies. |
| Source of term | gsafd |
| 700 1# - ADDED ENTRY--PERSONAL NAME | |
| Personal name | Bollinger, Max, |
| Dates associated with a name | 1974- |
| Relator term | editor. |
| 906 ## - LOCAL DATA ELEMENT F, LDF (RLIN) | |
| a | 7 |
| b | cbc |
| c | copycat |
| d | 2 |
| e | ncip |
| f | 20 |
| g | y-gencatlg |
| 942 ## - ADDED ENTRY ELEMENTS (KOHA) | |
| Source of classification or shelving scheme | |
| Koha item type | Book |
| Withdrawn status | Lost status | Source of classification or shelving scheme | Damaged status | Not for loan | Permanent Location | Current Location | Shelving location | Date acquired | Total Checkouts | Total Renewals | Full call number | Barcode | Date last seen | Date last checked out | Copy number | Price effective from | Koha item type |
|---|---|---|---|---|---|---|---|---|---|---|---|---|---|---|---|---|---|
| Central Library (CL) | Central Library (CL) | Fiction | 03/24/2017 | 7 | 8 | 822.33 SHA | CL1388 | 06/06/2024 | 04/30/2023 | 1 | 03/24/2017 | Book |
